000 006660000a22001810004500
003 MACL
005 20160401133458.0
008 160401b xxu||||| |||| 00| 0 eng d
040 _aMACL
_cMACL
041 _aHindi
082 _a398
100 _aरीतारानी पालीवाल
_949607
245 _aजापानी रंग परंपरा
_bनोह काबुकी और बुनराकु
260 _aदिल्‍ली
_bअनामिका पब्लिशर्स एण्‍ड डिस्‍ट्रीब्‍यूटर्स
_c2009
350 _a550
650 _aFolklore
_949608
942 _cHIN
_k398
_2ddc
999 _c46146
_d46146